000 004600000a22001810004500
020 _a0-13-694802-2
041 0 _aENG
082 0 4 _aG 251 S5741p
100 1 _aSweazey, George E.
245 1 0 _aPreaching the good news / George E. Sweazey
260 _aNew Jersey, USA : Prentice-Hall
300 _a339 Pag
001 6061
942 _cBK
999 _c36392
_d36392
336 _atexto
_btxt
_2rdacontent
337 _2rdamedia
_asin mediación
_bn
338 _2rdacarrier
_avolumen
_bnc